El gatito negro (Record no. 173985)

MARC details
000 -LEADER
campo de control de longitud fija 01167namaa22002291 4500
001 - NÚMERO DE CONTROL
campo de control 173985
003 - IDENTIFICADOR DE NÚMERO DE CONTROL
campo de control ES-MaACL
005 - FECHA Y HORA DE LA ÚLTIMA TRANSACCIÓN
campo de control 20250902063114.0
008 - DATOS DE LONGITUD FIJA--INFORMACIÓN GENERAL
campo de control de longitud fija 100204s1900 sp |||| | spa d
100 1# - ENTRADA PRINCIPAL--NOMBRE DE PERSONA
Nombre de persona López Silva, José,
Fechas asociadas al nombre 1861-1925
9 (RLIN) 73986
245 13 - MENCIÓN DEL TÍTULO
Título El gatito negro
Resto del título : humorada cómico-lírica en un acto, dividido en cuatro cuadros en prosa y verso /
Mención de responsabilidad, etc. libro de J. López Silva y Carlos Fernández Shaw ; música del maestro Ruperto Chapí.
260 ## - PUBLICACIÓN, DISTRIBUCIÓN, ETC.
Lugar de publicación, distribución, etc. Madrid :
Nombre del editor, distribuidor, etc. Sociedad de Autores Españoles :
-- Arregui y Aruej,
Fecha de publicación, distribución, etc. 1900 (
Fabricante Imp. de los Hijos de M. G. Hernández)
300 ## - DESCRIPCIÓN FÍSICA
Extensión 43 p. ;
Dimensiones 20 cm.
490 1# - MENCIÓN DE SERIE
Mención de serie Biblioteca lírico-dramática y teatro cómico
500 ## - NOTA GENERAL
Nota general En port.: Estrenada en el teatro de Apolo la noche del 3 de mayo de 1900.
500 ## - NOTA GENERAL
Nota general Solo la letra.
700 1# - ENTRADA AGREGADA--NOMBRE PERSONAL
Nombre de persona Fernández-Shaw, Carlos,
Fechas asociadas al nombre 1865-1911
9 (RLIN) 50098
700 1# - ENTRADA AGREGADA--NOMBRE PERSONAL
Nombre de persona Chapí, Ruperto,
Fechas asociadas al nombre 1851-1909
9 (RLIN) 38014
830 00 - PUNTO DE ACCESO ADICIONAL DE SERIE-TÍTULO UNIFORME
Título uniforme Biblioteca lirico-dramática y teatro cómico
9 (RLIN) 188056
852 ## - LOCALIZACIÓN
Ubicación ES-MaACL
Número de control de estantería F-8638(3)
Nota libre .- Enc. pasta española
-- Enc. en un vol. facticio formando parte de la col. facticia "Teatro español moderno", vol. 93
Holdings
Estatus retirado Estado de pérdida Estado de daño No para préstamo Colección Biblioteca de origen Biblioteca actual Ubicación en estantería Fecha de adquisición Fuente de adquisición Total de préstamos Signatura topográfica completa Código de barras Visto por última vez Precio de reemplazo Tipo de ítem Koha
        Libros del s. XIX Biblioteca del Ateneo de Madrid Biblioteca del Ateneo de Madrid Sala Pecera Planta 2 04/02/2010     F-8638(3) 1182632 23/02/2023 23/02/2023 Libro impreso antiguo